Gminy w woj. pomorskim - nagła śmierć - Statystyki

Ogólne statystyki
  • Ten quiz został rozwiązany 27 razy
  • Średni wynik to 28 z 45
Answers on the Grid
Answers color-coded by a green-red scale on the quiz's grid according to % correct below.
Biały Bór
Bobowo
Borne Sulinowo
Borzytuchom
Cedry Wielkie
Cekcyn
Cewice
Chmielno
Chojnice
Czersk
Człuchów
Damnica
Darłowo
Dzierzgoń
Elbląg
Frombork
Gardeja
Gdańsk
Gdynia
Godkowo
Grudziądz
Jastarnia
Kaliska
Karsin
Kisielice
Kolbudy
Kosakowo
Kwidzyn
Lichnowy
Lipusz
Malbork
Młynary
Morzeszczyn
Nowa Karczma
Nowe
Nowy Staw
Osiek
Parchowo
Przechlewo
Pszczółki
Reda
Redzikowo
Rumia
Sierakowice
Skarszewy
Sławno
Śliwice
Smołdzino
Sopot
Stary Targ
Stegna
Stężyca
Subkowy
Susz
Sztum
Sztutowo
Tolkmicko
Trzebielino
Wejherowo
Żukowo
 
Statystyki odpowiedzi
Odpowiedź % Poprawnych
Chojnice
91%
Gdańsk
91%
Gdynia
91%
Malbork
91%
Sopot
91%
Wejherowo
91%
Człuchów
82%
Kolbudy
82%
Kwidzyn
82%
Reda
82%
Rumia
82%
Sztum
82%
Żukowo
82%
Jastarnia
73%
Cedry Wielkie
64%
Czersk
64%
Dzierzgoń
64%
Kaliska
64%
Kosakowo
64%
Lipusz
64%
Nowa Karczma
64%
Stegna
64%
Sztutowo
64%
Bobowo
55%
Chmielno
55%
Nowy Staw
55%
Przechlewo
55%
Pszczółki
55%
Redzikowo
55%
Skarszewy
55%
Smołdzino
55%
Borzytuchom
45%
Karsin
45%
Lichnowy
45%
Parchowo
45%
Sierakowice
45%
Stary Targ
45%
Stężyca
45%
Subkowy
45%
Trzebielino
45%
Cewice
36%
Damnica
36%
Gardeja
36%
Osiek
36%
Morzeszczyn
27%
Nie znaleziono quizów pasujących do podanych kryteriów
Rozkład punktacji
Procent ludzi z każdym wynikiem
Percentyl według liczby udzielonych odpowiedzi
Twoja historia wyników
Nie rozwiązałeś tego quizu